000 00466nam a2200181Ia 4500
005 20250326142039.0
008 250326s9999 xx 000 0 und d
037 _aTextbook
040 _aFMSL
_beng
_cFMSL
041 _aeng
_2eng
084 _qFMSL
100 _aDoust P
245 0 _aMarketing Q & A International aspects of marketing
_cDoust P
260 _aFicial
_bFicial, traning
_c1986
300 _a160p
942 _cTB
999 _c1293187
_d1293187